| 000 | 01327cam a2200241 4500 | ||
|---|---|---|---|
| 005 | 20210818122842.0 | ||
| 008 | 051031s2002 ag 000 0dspa u | ||
| 020 | _a9505083130 | ||
| 050 | 0 | 4 |
_aK1707 _bV66 1990 |
| 100 | 1 |
_aVon Potobsky, Geraldo W. _eautor |
|
| 245 | 1 | 3 |
_aLa Organización Internacional del Trabajo _b: funcionamiento del sistema normativo internacional, instrumentos sobre derechos humanos fundamentales _c / Geraldo W. Von Potobsky, Héctor G. Bartolomei de la Cruz ; prólogo de José María Ruda |
| 250 | _a1a ed. | ||
| 260 |
_aBuenos Aires, Argentina : _b Astrea, _c1990 |
||
| 300 |
_axxix, 526 p. : _c 23 cm. |
||
| 500 | _aEn la portada : Funcionamiento del sistema normativo internacional, Instrumentos sobre derechos fundamentales ; Elaboración, puesta en vigor y denuncia de normas Procedimientos de control. Libertades de trabajo y sindical Igualdad de oportunidades y de trato, La situación en los países iberoamericanos | ||
| 504 | _aIncluye anexos, bibliografía : p. 513-519 e índice | ||
| 650 | 7 |
_2lemb _aOrganización Internacional del Trabajo |
|
| 650 | 7 |
_2lemb _aDerecho Laboral Internacional |
|
| 650 | 7 |
_2lemb _aDerechos Humanos (Derecho Internacional) |
|
| 700 | 1 |
_aBartolomei de la Cruz, Héctor G. _eautor |
|
| 700 | 1 |
_aRuda, José María _eprologuista |
|
| 942 |
_2lcc _cLIB |
||
| 999 |
_c75492 _d75492 |
||